Statistics for NCIS Quiz

Click here to take the quiz!

General Stats

  • This quiz has been taken 53 times
  • The average score is 11 of 15

Answer Stats

QuestionAnswer% Correct
What does NCIS stand for?Naval Criminal Investigative Service
98%
Who's daughter overdosed?Tobias Fornell
98%
What does DiNozzo refer to himself as?Very Special Agent Anthony DiNozzo
96%
Who killed Special Agent Caitlin Todd's murderer?Ziva David
90%
What is the name of Timothy McGee's best selling novel?Deep Six
78%
Where was Agent Clayton Reeves a liaison from?MI6
78%
Who is Dinozzo's daughter named after?Ziva's sister
78%
What is Jacqueline Sloane's position at NCIS?Forensic Psychiatrist
73%
Who was the first director of NCIS on the showTom Morrow
71%
Who is Eleanor Bishop's ex-husband?Jacob Malloy
67%
Who is not an ex-wife of Leroy Jethro GibbsEllen Wallace
65%
What show is NCIS a spin-off of?JAG
63%
Where did DiNozzo work before Baltimore PD?Philidelphia PD
63%
Who is Special Agent Caitlin Todd's successor's successor's successor?Jessica Knight
51%
Who was the first NCIS agent to dieChristopher Pacci
8%

Score Distribution

Percentile by Number Answered

Percent of People with Each Score

Your Score History

You have not taken this quiz